| 000 | 00739nam a2200241Ia 4500 | ||
|---|---|---|---|
| 003 | GCL | ||
| 008 | 140319s9999 xx 000 0 ara d | ||
| 040 |
_aGCL / _cGCL |
||
| 082 | 0 | 4 |
_aق _b962.16 _bف ق |
| 100 | 1 | _aفولكف، اولج | |
| 245 | 1 | 0 |
_aالقاهرة مدينة الف ليلة وليلة 1969-969 / _cفولكف، اولج |
| 700 | 1 | _aاحمد صليحة | |
| 300 | _a159 ص | ||
| 490 |
_aالالف كتاب _v0 |
||
| 650 | 0 | 4 | _aقلعة صلاح الدين |
| 650 | 0 | 4 | _aصلاح الدين الايوبى |
| 650 | 0 | 4 | _aالقاهرة |
| 650 | 0 | 4 | _aالقطائع |
| 650 | 0 | 4 | _aالمدارس الاسلامية |
| 650 | 0 | 4 | _aالاعياد |
| 650 | 0 | 4 | _aالمبانى الاسلامية |
| 942 |
_2ddc _cBK |
||
| 999 |
_c38692 _d38692 |
||